| 000 | 01036cab a2200289 4500 | ||
|---|---|---|---|
| 001 | ABS53411 | ||
| 008 | 090401t1995 xxu||||| |||| 00| 0 eng d | ||
| 035 | _a(Sirsi) u4007 | ||
| 041 | _aeng | ||
| 100 | _aBlyth, A. | ||
| 245 | _aTowards sustainable design | ||
| 260 | _c1995 | ||
| 350 | _a0 | ||
| 490 |
_aArchitects` Journal _v202(5) 3 August 1995, 38-39(2) |
||
| 520 | _aReproduces the RIBA policy statement on global warming and ozone depletion. The statement, consisting of 28 recommendations, aims to gain support from architects for the reduction of CO2 emissions. | ||
| 650 | _aBUILT ENVIRONMENT-BUILDING ELEMENTS-COMPLETE BUILDING SERVICES ELEMENTS-COMPLETE HEATING, VENTILATION AND AIR CONDITIONING SYSTEMS | ||
| 650 | _aDESIGN | ||
| 650 | _aENERGY CONSERVATION | ||
| 650 | _aENERGY EFFICIENCY | ||
| 650 | _aGLOBAL WARMING | ||
| 650 | _aOZONE DEPLETION | ||
| 650 | _aPOLICY STATEMENT | ||
| 690 | _aBUILT ENVIRONMENT-CONSTRUCTION DESIGN | ||
| 690 |
_aEnvironment _96238 |
||
| 942 | _n0 | ||
| 948 | _c04/03/1997 | ||
| 999 |
_c2402 _d2402 |
||